|
|
|
|
| LEADER |
00824nam a22002412a 4500 |
| 001 |
000664603 |
| 003 |
CZ BrMZK |
| 005 |
20090924205509.0 |
| 007 |
ta |
| 008 |
030402m19681969xr a g 000 f cze d |
| 040 |
|
|
|a BOA001
|c ze
|d BOA001
|
| 080 |
|
|
|a 821.112.2-31
|2 MRF
|
| 080 |
|
|
|a (0:82-311.3)
|2 MRF
|
| 100 |
1 |
|
|a May, Karl,
|d 1842-1912
|7 jn19990005499
|4 aut
|
| 245 |
1 |
0 |
|a Na hoře Vinnetouově :
|b román na pokračování /
|c Karl May ; ilustroval Jaromír Vraštil
|
| 260 |
|
|
|a Praha :
|b Mladá fronta,
|c 1968-1969
|
| 300 |
|
|
|a 63 s.
|
| 580 |
|
|
|a Samost. příl. časopisu: Ohníček, roč. 19, 1968-1969
|
| 655 |
|
7 |
|a německé romány
|7 fd132945
|2 czenas
|
| 655 |
|
7 |
|a dobrodružné romány
|7 fd132061
|2 czenas
|
| 700 |
1 |
|
|a Vraštil, Jaromír,
|d 1922-1979
|7 jk01150933
|4 ill
|
| 910 |
|
|
|a BOA001
|b PK-A-0012.394
|b 1-0634.883
|
| 990 |
|
|
|a BK
|